Afropolitan Horizons : Essays Toward a Literary Anthropology of Nigeria.

Bibliographic Details
Main Author: Hannerz, Ulf.
Format: eBook
Language:English
Published: New York, NY : Berghahn Books, Incorporated, 2022.
Edition:1st ed.
Subjects:
Online Access:Click to View
LEADER 01466nam a22003613i 4500
001 EBC29440793
003 MiAaPQ
005 20240729202204.0
006 m o d |
007 cr cnu||||||||
008 240729s2022 xx o ||||0 eng d
020 |a 9781800732513  |q (electronic bk.) 
020 |z 9781800733190 
035 |a (MiAaPQ)EBC29440793 
035 |a (Au-PeEL)EBL29440793 
040 |a MiAaPQ  |b eng  |e rda  |e pn  |c MiAaPQ  |d MiAaPQ 
050 4 |a PR9387 .H36 2022 
082 0 |a 823.0099669 
100 1 |a Hannerz, Ulf. 
245 1 0 |a Afropolitan Horizons :  |b Essays Toward a Literary Anthropology of Nigeria. 
250 |a 1st ed. 
264 1 |a New York, NY :  |b Berghahn Books, Incorporated,  |c 2022. 
264 4 |c Ã2022. 
300 |a 1 online resource (238 pages) 
336 |a text  |b txt  |2 rdacontent 
337 |a computer  |b c  |2 rdamedia 
338 |a online resource  |b cr  |2 rdacarrier 
588 |a Description based on publisher supplied metadata and other sources. 
590 |a Electronic reproduction. Ann Arbor, Michigan : ProQuest Ebook Central, 2024. Available via World Wide Web. Access may be limited to ProQuest Ebook Central affiliated libraries.  
655 4 |a Electronic books. 
776 0 8 |i Print version:  |a Hannerz, Ulf  |t Afropolitan Horizons  |d New York, NY : Berghahn Books, Incorporated,c2022  |z 9781800733190 
797 2 |a ProQuest (Firm) 
856 4 0 |u https://ebookcentral.proquest.com/lib/matrademy/detail.action?docID=29440793  |z Click to View